| 000 | 01003nam a2200289 a 4500 | ||
|---|---|---|---|
| 001 | 24872 | ||
| 003 | CO-ViMGA | ||
| 005 | 20230915232022.0 | ||
| 008 | 141112s2004 ck r 000 u spa d | ||
| 020 | _a9789871609062 | ||
| 040 |
_aCO-ViMGA _bspa _cCO-ViMGA |
||
| 041 | _aspa | ||
| 082 | 0 | 4 | _aMEVIGAPOR.22 Q84a |
| 100 | 1 |
_aQuiroga, Patricia. _937189 |
|
| 245 | 1 | 0 |
_aArquitectura de computadoras / _cPatricia Quiroga ; revisión técnica José Luis Hamkalo. |
| 250 | _aEdición Damián Fernández. | ||
| 260 |
_aBuenos Aires : _bAlfaomega, _c2010. |
||
| 300 | _axxiv, 247 p. : il. ; 24 cm. | ||
| 490 | _aLibroWeb | ||
| 504 | _aIncluye bibliografía e índice. | ||
| 650 | 1 | 4 |
_aArquitectura de computadores _927532 |
| 650 | 1 | 4 | _aInformatica |
| 700 | 1 |
_aFernández, Damián, ed. _937190 |
|
| 852 | _17.648.30 | ||
| 942 |
_2ddc _cBK |
||
| 949 | _an n | ||
| 999 |
_c32671 _d32671 |
||